00436nam a2200157 a 450000500170000000800410001705000210005810000250007924500490010426000440015330000310019750000200022852000060024865000150025465000090026920140414131957.0090126s19uu xx 00 eng d aTR 599bP54 2006 aPhillips, Dee, 1967- aMy first book of mammals /cby Dee Phillips. aMinnetonka, MN :bTwo-Can Pub.,cc2006. a96 p. : col. ill. ; 29 cm. aIncludes index. a  aMammalsx  a x